banner-ar

MINING THE NATION'S BRAIN TRUST: HOW TO PUT FEDERALLY - FUNDED RESEARCH TO WORK FOR YOU / (Record no. 17088)

MARC details
000 -الفاتح
حقل البيانات ثابتة الطول 00595nam a2200193Ia 4500
008 - عناصر البيانات ثابتة الطول - معلومات عامة
حقل البيانات ثابتة الطول 140319s9999 xx 000 0 eng d
040 ## - مصدر الفهرسة
وكالة الفهرسة الأصلية GCL /
وكالة النسخ GCL
082 04 - رقم تصنيف ديوى العشرى
رقم التصنيف 338.97306
رقم المادة G M
100 1# - المدخل الرئيسى - إسم شخصى
الإسم الشخصى GRISSOM, FRED E.
245 10 - بيان العنوان
العنوان MINING THE NATION'S BRAIN TRUST: HOW TO PUT FEDERALLY - FUNDED RESEARCH TO WORK FOR YOU /
بيان المسئوليه,etc GRISSOM, FRED E.
700 1# - المدخل الاضافى - اسم شخصى
الإسم الشخصى CHAMAN, RICHARD L.
300 ## - الوصف المادى
التعداد New York
650 04 - المدخل الاضافى بالموضوع-مصطلح موضوعى
مصطلح موضوعي UNITED STATES
650 04 - المدخل الاضافى بالموضوع-مصطلح موضوعى
مصطلح موضوعي TECHNOLOGY - TRANSFER
650 04 - المدخل الاضافى بالموضوع-مصطلح موضوعى
مصطلح موضوعي FEDERAL AID TO RESEARCH
942 ## - عناصر المدخل الإضافي( كوها)
مصدر التصنيف او مخطط الترفيف Dewey Decimal Classification
Koha [default] item type كتاب
260 ## - PUBLICATION, DISTRIBUTION, ETC. (IMPRINT)
-- [S.N] :
-- ADDISON - WESLEY PUBLISHING COMPANY
Holdings
حالة التراجع حالة الفقد حالة تلف ليس للاعارة المكان المؤقت الموقع الحالى تاريخ الاكتساب اجمالي اﻻعارات رقم الطلب الباركود تاريخ اخر مشاهدة تاريخ تفعيل السعر نوع وعاء كوها
        مكتبة القاهرة الكبرى مكتبة القاهرة الكبرى 03/26/2014   338.97306\G M 30836 03/26/2014 03/26/2014 كتاب
        مكتبة القاهرة الكبرى مكتبة القاهرة الكبرى 03/26/2014   338.97306\G M 30837 03/26/2014 03/26/2014 كتاب

Powered By

EGPV